[Event "Collado Villalba op 28th"]
[Site "Collado Villalba"]
[Date "2011.08.29"]
[Round "7"]
[White "Olives Barba, Carlos Jose"]
[Black "Ruiz Sanchez, Roberto"]
[Result "1/2-1/2"]
[WhiteElo "1917"]
[BlackElo "1997"]
[PlyCount "74"]
[EventDate "2011.08.23"]
[EventType "swiss"]
[EventRounds "9"]
[EventCountry "ESP"]
[SourceTitle "CBM 144 Extra"]
[Source "ChessBase"]
[SourceDate "2011.10.28"]
[SourceVersion "1"]
[SourceVersionDate "2011.10.28"]
[SourceQuality "1"]

1. c3 Nf6 2. Nf3 d5 3. d4 c5 4. e3 e6 5. Bd3 Nc6 6. 0-0 Bd6 7. Nbd2 0-0 8. Re1 Be7 9. b3 cxd4 10. cxd4 b6 11. a3 Bb7 12. Bb2 Rc8 13. Qe2 Rc7 14. Rec1 Qb8 15. Rc2 Rfc8 16. Rac1 Nd8 17. Qd1 Bd6 18. h3 Rxc2 19. Rxc2 h6 20. Qc1 Rxc2 21. Qxc2 Nc6 22. Nb1 Qc8 23. Nc3 Ne7 24. Qc1 Ba6 25. Qf1 Bxd3 26. Qxd3 a6 27. b4 b5 28. Nd2 Nd7 29. e4 Nb6 30. e5 Bb8 31. Kf1 Nc4 32. Bc1 Ba7 33. Nb3 Qc6 34. Nc5 Bb6 35. a4 bxa4 36. N3xa4 Bxc5 37. Nxc5 Qb5 1/2-1/2

[Event "Collado Villalba op-A 26th"]
[Site "Collado Villalba"]
[Date "2009.08.23"]
[Round "3"]
[White "Franco Rincon, David"]
[Black "Olives Barba, Carlos Jose"]
[Result "1/2-1/2"]
[WhiteElo "1787"]
[BlackElo "1978"]
[PlyCount "75"]
[EventDate "2009.08.21"]
[EventType "swiss"]
[EventRounds "9"]
[EventCountry "ESP"]
[SourceTitle "CBM 132 Extra"]
[Source "ChessBase"]
[SourceDate "2009.11.03"]
[SourceVersion "1"]
[SourceVersionDate "2009.11.03"]
[SourceQuality "1"]

1. e4 e6 2. d4 c5 3. c3 Qc7 4. Be3 d6 5. Nf3 g6 6. Nbd2 Bg7 7. Be2 b6 8. 0-0 Ne7 9. Nb3 Bb7 10. Nbd2 Nd7 11. Rc1 0-0 12. b3 Nf6 13. e5 dxe5 14. Nxe5 Nfd5 15. Ndf3 Nxe3 16. fxe3 Bh6 17. Ng4 Bg7 18. Qe1 h5 19. Nge5 Bh6 20. Bd3 Nf5 21. Bxf5 exf5 22. Rc2 Be4 23. Rb2 Kh7 24. Nd2 Bb7 25. Qg3 Rae8 26. Re1 Qd8 27. Ndf3 g5 28. h3 f6 29. Nc4 Re6 30. dxc5 bxc5 31. Rd2 Qe7 32. Red1 Bc6 33. Nd6 h4 34. Qf2 Kg6 35. Nxf5 Qc7 36. Nxh6 Kxh6 37. Nh2 f5 38. Rd3 1/2-1/2